[Event "Int. Championship of Central Serbia - O"]
[Site "Paracin"]
[Date "2011.07.15"]
[Round "9.1"]
[White "Nenezic, Marko"]
[Black "Ulibin, Mikhail"]
[Result "1/2-1/2"]
[WhiteElo "2274"]
[BlackElo "2538"]
[PlyCount "41"]
[EventDate "2011.??.??"]

1. Nf3 d5 2. d4 c5 3. c4 cxd4 4. cxd5 Nf6 5. Qxd4 Qxd5 6. Nc3 Qxd4 7. Nxd4 a6
8. g3 e5 9. Nb3 Nc6 10. Bg2 Be6 11. O-O O-O-O 12. Be3 Nd4 13. Bxd4 exd4 14. Ne4
Nxe4 15. Bxe4 Bxb3 16. axb3 g6 17. Rfc1+ Kb8 18. Rc4 f5 19. Bd3 Be7 20. Rac1
Rd7 21. Kg2 1/2-1/2

[Event "Int. Championship of Central Serbia - O"]
[Site "Paracin"]
[Date "2011.07.15"]
[Round "9.2"]
[White "Saric, Sinisa"]
[Black "Miladinovic, Igor"]
[Result "1-0"]
[WhiteElo "2472"]
[BlackElo "2566"]
[PlyCount "71"]
[EventDate "2011.??.??"]

1. d4 d5 2. c4 Nc6 3. cxd5 Qxd5 4. e3 e5 5. Nc3 Bb4 6. Bd2 Bxc3 7. bxc3 Nf6 8.
f3 e4 9. c4 Qd6 10. Qb1 Bf5 11. Ne2 Bg6 12. f4 O-O 13. d5 Ne7 14. Nd4 a5 15.
Be2 Nf5 16. Qb2 h5 17. Nxf5 Bxf5 18. Bc3 Bg4 19. Bxf6 Qxf6 20. Qxf6 gxf6 21.
Bxg4 hxg4 22. f5 Rfd8 23. Kf2 c6 24. Rhd1 cxd5 25. cxd5 Rac8 26. Rd2 Rc5 27.
Rad1 b5 28. Kg3 Rc3 29. Kf4 b4 30. Rd4 Rc2 31. R1d2 Rc1 32. Rxe4 Rb1 33. d6 a4
34. a3 b3 35. Rxa4 b2 36. Kxg4 1-0

[Event "Int. Championship of Central Serbia - O"]
[Site "Paracin"]
[Date "2011.07.15"]
[Round "9.5"]
[White "Abramovic, Bosko"]
[Black "Damljanovic, Branko"]
[Result "1/2-1/2"]
[WhiteElo "2464"]
[BlackElo "2611"]
[PlyCount "45"]
[EventDate "2011.??.??"]

1. d4 d5 2. c4 e6 3. Nf3 Nf6 4. Nc3 Be7 5. Bg5 Nbd7 6. e3 c6 7. Bd3 O-O 8. O-O
dxc4 9. Bxc4 Nd5 10. Bxe7 Qxe7 11. Qc2 Nxc3 12. Qxc3 b6 13. Rfd1 Bb7 14. Rac1
Rfd8 15. Be2 h6 16. h3 c5 17. Qa3 Kf8 18. b3 a5 19. Rc2 cxd4 20. Qxe7+ Kxe7 21.
Nxd4 Rac8 22. Rdc1 Rxc2 23. Rxc2 1/2-1/2

[Event "Int. Championship of Central Serbia - O"]
[Site "Paracin"]
[Date "2011.07.15"]
[Round "9.6"]
[White "Blagojevic, Dragisa"]
[Black "Zlatanovic, Boroljub"]
[Result "1/2-1/2"]
[WhiteElo "2516"]
[BlackElo "2433"]
[PlyCount "59"]
[EventDate "2011.??.??"]

1. d4 Nf6 2. c4 g6 3. Nf3 Bg7 4. g3 O-O 5. Bg2 d6 6. O-O Nc6 7. Nc3 e5 8. d5
Ne7 9. e4 Ne8 10. Ne1 f5 11. Nd3 Nf6 12. Bg5 fxe4 13. Nxe4 Nf5 14. g4 Nd4 15.
f4 Qe8 16. Bxf6 Bxf6 17. Nxf6+ Rxf6 18. fxe5 Rxf1+ 19. Qxf1 Bxg4 20. Qf2 dxe5
21. Re1 Qf8 22. Nxe5 Qxf2+ 23. Kxf2 Rf8+ 24. Kg3 Bc8 25. Be4 Re8 26. Nf3 Nxf3
27. Kxf3 Kf7 28. Rf1 Kf6 29. Rf2 Re5 30. Kg3+ 1/2-1/2

[Event "Int. Championship of Central Serbia - O"]
[Site "Paracin"]
[Date "2011.07.15"]
[Round "9.7"]
[White "Sertic, Rudolf"]
[Black "Pavlov, Sergey"]
[Result "0-1"]
[WhiteElo "2406"]
[BlackElo "2505"]
[PlyCount "88"]
[EventDate "2011.??.??"]

1. d4 Nf6 2. c4 e6 3. g3 d5 4. Nf3 Bb4+ 5. Bd2 Be7 6. Bg2 O-O 7. O-O c6 8. Qc2
b6 9. b3 a5 10. Bc3 Ba6 11. Nbd2 b5 12. Bb2 bxc4 13. bxc4 Nbd7 14. Rfe1 c5 15.
cxd5 Nxd5 16. dxc5 Nxc5 17. Nd4 Rc8 18. Qd1 Bf6 19. Rc1 Qb6 20. Ba1 Rfd8 21.
Ne4 Nxe4 22. Rxc8 Bxc8 23. Bxe4 Nb4 24. e3 e5 25. a3 exd4 26. axb4 dxe3 27. Qf3
Bg4 28. Qxe3 Qxe3 29. fxe3 Bxa1 30. Rxa1 axb4 31. Bd5 Be6 32. e4 Bxd5 33. exd5
Kf8 34. Rb1 Rb8 35. Re1 Rb6 36. Kf2 b3 37. Ke3 b2 38. Rb1 Ke7 39. Kd4 Kd6 40.
Kc4 f5 41. Kd4 g5 42. Kc4 f4 43. gxf4 gxf4 44. Kd4 f3 0-1

[Event "Int. Championship of Central Serbia - O"]
[Site "Paracin"]
[Date "2011.07.15"]
[Round "9.3"]
[White "Savic, Miodrag R"]
[Black "Miljkovic, Miroslav"]
[Result "1/2-1/2"]
[WhiteElo "2520"]
[BlackElo "2495"]
[PlyCount "41"]
[EventDate "2011.??.??"]

1. e4 c5 2. Nf3 d6 3. Bc4 Nf6 4. d3 Nc6 5. c3 g6 6. O-O Bg7 7. Bb3 O-O 8. h3 e5
9. Re1 b5 10. Be3 a5 11. a3 a4 12. Bc2 Na5 13. Nbd2 Nd7 14. d4 c4 15. Qe2 Qc7
16. Rad1 Re8 17. Nf1 Bb7 18. d5 Bc8 19. g4 Nb7 20. Ng3 Ndc5 21. Kh2 1/2-1/2

[Event "Int. Championship of Central Serbia - O"]
[Site "Paracin"]
[Date "2011.07.15"]
[Round "9.8"]
[White "Smith, Bryan G"]
[Black "Pezelj, Novak"]
[Result "1/2-1/2"]
[WhiteElo "2503"]
[BlackElo "2364"]
[PlyCount "78"]
[EventDate "2011.??.??"]

1. e4 c6 2. Nc3 d5 3. Nf3 dxe4 4. Nxe4 Bg4 5. h3 Bh5 6. Ng3 Bxf3 7. Qxf3 Qd5 8.
Qe3 e6 9. d4 Nf6 10. Be2 Bb4+ 11. c3 Ba5 12. O-O O-O 13. c4 Qd6 14. Qb3 Qc7 15.
Be3 Nbd7 16. Bf3 Rac8 17. Qa3 a6 18. Rac1 Bb6 19. Rfd1 Qb8 20. b4 Rfd8 21. Qb3
Nf8 22. a4 Ng6 23. Ne4 Nxe4 24. Bxe4 Bc7 25. b5 f5 26. Bf3 f4 27. Bd2 Rxd4 28.
c5 axb5 29. Qxe6+ Kh8 30. Bc3 Rxd1+ 31. Rxd1 Be5 32. Bxe5 Nxe5 33. Bh5 bxa4 34.
Rd6 Ng6 35. Bxg6 hxg6 36. Qxg6 Rf8 37. Qh5+ Kg8 38. Re6 Re8 39. Rd6 Rd8 1/2-1/2

[Event "Int. Championship of Central Serbia - OP"]
[Site "Paracin"]
[Date "2011.07.15"]
[Round "9.9"]
[White "Petkov, Vladimir"]
[Black "Pancevski, Filip"]
[Result "1-0"]
[WhiteElo "2490"]
[BlackElo "2410"]
[PlyCount "95"]
[EventDate "2011.07.08"]

1. d4 g6 2. e4 Bg7 3. Nf3 d6 4. Bc4 c6 5. Bb3 Nf6 6. Nbd2 O-O 7. O-O Bg4 8. Re1
e5 9. dxe5 dxe5 10. h3 Bxf3 11. Qxf3 Nbd7 12. c3 Bh6 13. Nc4 Bxc1 14. Raxc1 Qe7
15. Rcd1 Nb6 16. Nd6 Ne8 17. Nxe8 Raxe8 18. Rd2 Rd8 19. Red1 Rxd2 20. Rxd2 Qg5
21. Rd6 Kg7 22. g3 Qe7 23. Rd2 Nd7 24. Qe3 Nc5 25. Bc2 a5 26. h4 h5 27. Kg2 Re8
28. Rd1 Rb8 29. b3 b5 30. a3 b4 31. cxb4 axb4 32. a4 Ra8 33. Rd2 Nb7 34. Bd1
Rd8 35. Rxd8 Qxd8 36. Bc2 Qa5 37. f4 Nd6 38. Bd3 f6 39. Kf3 Kf7 40. Qc1 Qb6 41.
Qa1 Qa5 42. fxe5 fxe5 43. Qg1 Kg7 44. Qe3 Ne8 45. Bc4 Nf6 46. Qd2 Qc5 47. Qd8
Ng4 48. Qg8+ 1-0

[Event "Int. Championship of Central Serbia - OP"]
[Site "Paracin"]
[Date "2011.07.15"]
[Round "9.10"]
[White "Djukic, Nikola"]
[Black "Radlovacki, Jovan"]
[Result "0-1"]
[WhiteElo "2508"]
[BlackElo "2417"]
[PlyCount "70"]
[EventDate "2011.07.08"]

1. Nf3 Nf6 2. g3 b6 3. Bg2 Bb7 4. O-O e6 5. d3 d5 6. c4 Nbd7 7. b3 Be7 8. Bb2
O-O 9. Nc3 c5 10. e3 a6 11. Qe2 Qc7 12. Rfe1 Rad8 13. e4 dxe4 14. dxe4 Ng4 15.
h3 Nge5 16. Nh2 Nc6 17. f4 Nd4 18. Qf2 f6 19. Ng4 b5 20. Ne3 Nb6 21. cxb5 axb5
22. Rac1 Qb8 23. Nc2 b4 24. Ne2 e5 25. Ne3 g6 26. h4 Qa8 27. Nxd4 cxd4 28. Ng4
Nd7 29. f5 Nc5 30. fxg6 hxg6 31. h5 Bc8 32. hxg6 Bxg4 33. Bf3 Bxf3 34. Qh2 Rf7
35. gxf7+ Kg7 0-1

[Event "Int. Championship of Central Serbia - OP"]
[Site "Paracin"]
[Date "2011.07.15"]
[Round "9.11"]
[White "Radosavljevic, Slobodan D"]
[Black "Doric, Darko"]
[Result "0-1"]
[WhiteElo "2223"]
[BlackElo "2491"]
[PlyCount "112"]
[EventDate "2011.07.08"]

1. g3 d5 2. Bg2 c6 3. Nf3 Bg4 4. d3 Nd7 5. O-O e6 6. Nbd2 Bd6 7. c4 Ngf6 8. b3
O-O 9. Bb2 Qe7 10. a3 a5 11. Qc2 e5 12. h3 Bh5 13. e4 dxe4 14. dxe4 Rfe8 15.
Nh4 Bc5 16. Nf5 Qd8 17. Kh2 Bg6 18. Nh4 Nf8 19. Bc3 N6d7 20. Ndf3 Qe7 21. Nxg6
hxg6 22. Qe2 Bd6 23. b4 b6 24. c5 bxc5 25. bxa5 Bc7 26. Nd2 Reb8 27. Qc4 Ne6
28. Rfb1 Rxb1 29. Rxb1 Bxa5 30. Rb7 Bxc3 31. Qxc3 Nd4 32. Bf1 Kh7 33. Kg2 f5
34. Nc4 Rb8 35. Qb2 Rxb7 36. Qxb7 Qe6 37. Qc7 fxe4 38. Ne3 Nf6 39. Bc4 Nd5 40.
Bxd5 cxd5 41. Qd8 Qf6 42. Qxf6 gxf6 43. Nxd5 Kg7 44. a4 Nb3 45. g4 Na5 46. h4
f5 47. Kg3 c4 48. Nc3 Nb3 49. h5 Nc5 50. a5 f4+ 51. Kg2 gxh5 52. gxh5 Kh6 53.
Nxe4 Nxe4 54. a6 f3+ 55. Kxf3 Ng5+ 56. Kg4 Ne6 0-1

[Event "Int. Championship of Central Serbia - OP"]
[Site "Paracin"]
[Date "2011.07.15"]
[Round "9.12"]
[White "Farago, Ivan"]
[Black "Stankovic, Milos"]
[Result "1-0"]
[WhiteElo "2485"]
[BlackElo "2364"]
[PlyCount "81"]
[EventDate "2011.07.08"]

1. d4 d5 2. c4 e6 3. Nc3 c5 4. cxd5 exd5 5. Nf3 Nc6 6. g3 Nf6 7. Bg2 Be7 8. O-O
O-O 9. Bg5 cxd4 10. Nxd4 h6 11. Be3 Re8 12. Qb3 Na5 13. Qc2 Bg4 14. Nf5 Bb4 15.
Bd4 Bxc3 16. Bxc3 Rxe2 17. Qd3 Nc6 18. Ne3 Bh5 19. Bxf6 Qxf6 20. g4 Rxb2 21.
gxh5 Nb4 22. Qf5 Qxf5 23. Nxf5 Re8 24. Rab1 Rxb1 25. Rxb1 Nxa2 26. Rxb7 Nc3 27.
Bf3 Re5 28. Nd6 a5 29. Rb8+ Kh7 30. Nxf7 Re1+ 31. Kg2 g6 32. Rb7 gxh5 33. Ne5+
Kg8 34. Nc6 Ne2 35. Bxe2 Rxe2 36. Nxa5 h4 37. h3 Re6 38. Rd7 Re5 39. Nc6 Rg5+
40. Kf1 Kf8 41. Nb4 1-0

[Event "Int. Championship of Central Serbia - OP"]
[Site "Paracin"]
[Date "2011.07.15"]
[Round "9.13"]
[White "Nestorovic, Lazar"]
[Black "Toth, Aleksandar"]
[Result "1-0"]
[WhiteElo "2428"]
[BlackElo "2315"]
[PlyCount "67"]
[EventDate "2011.07.08"]

1. e4 e5 2. Nf3 Nc6 3. Bc4 Nf6 4. d3 Be7 5. c3 O-O 6. O-O d6 7. Bb3 Na5 8. Bc2
c5 9. Nbd2 Nc6 10. Re1 Re8 11. Nf1 Bf8 12. Bg5 h6 13. Bh4 g5 14. Bg3 Bg4 15.
Ne3 Bh5 16. Bb3 Na5 17. Ba4 Nc6 18. h4 d5 19. hxg5 dxe4 20. dxe4 Nxe4 21. gxh6
Nxg3 22. fxg3 e4 23. Qd5 exf3 24. Qxh5 f2+ 25. Kxf2 Qf6+ 26. Kg1 Qxh6 27. Qf3
c4 28. Qg4+ Kh8 29. Bxc6 bxc6 30. Qxc4 Rad8 31. Nf5 Qd2 32. Rxe8 Rxe8 33. Qxf7
Bc5+ 34. Kh2 1-0

[Event "Int. Championship of Central Serbia - OP"]
[Site "Paracin"]
[Date "2011.07.15"]
[Round "9.14"]
[White "Vucinic, Gojko"]
[Black "Pikula, Dejan"]
[Result "0-1"]
[WhiteElo "2081"]
[BlackElo "2532"]
[PlyCount "44"]
[EventDate "2011.07.08"]

1. e4 c5 2. Nf3 e6 3. d4 cxd4 4. Nxd4 a6 5. Nc3 Qc7 6. Be3 Bb4 7. Qd2 Nf6 8. f3
d5 9. e5 Qxe5 10. O-O-O Qc7 11. Bf4 Qd8 12. h4 Nc6 13. h5 h6 14. g4 Bd7 15. Re1
Be7 16. g5 hxg5 17. Bxg5 Nxd4 18. Qxd4 Bc6 19. Kb1 Rxh5 20. Rxh5 Nxh5 21. Bxe7
Qxe7 22. Nxd5 Bxd5 0-1

[Event "Int. Championship of Central Serbia - OP"]
[Site "Paracin"]
[Date "2011.07.15"]
[Round "9.15"]
[White "Arsovic, Zoran"]
[Black "Djurovic, Goran"]
[Result "1-0"]
[WhiteElo "2463"]
[BlackElo "2328"]
[PlyCount "99"]
[EventDate "2011.07.08"]

1. Nf3 Nf6 2. c4 e6 3. g3 d5 4. Bg2 Be7 5. O-O O-O 6. d4 dxc4 7. Qc2 a6 8. a4
Bd7 9. Qxc4 Bc6 10. Bf4 a5 11. Nc3 Na6 12. Rac1 Nd5 13. Ne5 Nab4 14. Nxc6 bxc6
15. Ne4 Bd6 16. Bg5 Qd7 17. Rfd1 Rfb8 18. Nc5 Qe8 19. e4 Nb6 20. Qe2 Bxc5 21.
dxc5 Nd7 22. Rc3 h6 23. Bf4 e5 24. Bxh6 Nxc5 25. Rxc5 gxh6 26. Qg4+ Kf8 27. Qh5
Qe6 28. Rxe5 Qg6 29. Rxa5 Qxh5 30. Rxh5 Rxa4 31. Rxh6 Kg7 32. Rh5 Na6 33. Rd2
Rb5 34. Rf5 Rab4 35. Bf1 Rxf5 36. exf5 Nc5 37. Rc2 Na4 38. Rxc6 Rxb2 39. Rxc7
Kf6 40. Bc4 Kxf5 41. Rxf7+ Kg6 42. Rc7 Nb6 43. Kg2 Kf6 44. h4 Rb4 45. Bg8 Na4
46. f3 Nb2 47. g4 Nd3 48. Kg3 Ne5 49. f4 Nd3 50. g5+ 1-0

[Event "Int. Championship of Central Serbia - OP"]
[Site "Paracin"]
[Date "2011.07.15"]
[Round "9.16"]
[White "Nikolov, Sasho"]
[Black "Doric, Nenad"]
[Result "1/2-1/2"]
[WhiteElo "2412"]
[BlackElo "2322"]
[PlyCount "41"]
[EventDate "2011.07.08"]

1. c4 e6 2. Nc3 d5 3. d4 Nf6 4. cxd5 exd5 5. Bg5 c6 6. Qc2 Be7 7. e3 Nbd7 8.
Nf3 O-O 9. Bd3 Re8 10. O-O Nf8 11. h3 g6 12. Rab1 a5 13. a3 Ne6 14. Bh4 Ng7 15.
b4 axb4 16. axb4 Bf5 17. Bxf5 Nxf5 18. Bxf6 Bxf6 19. b5 Nd6 20. bxc6 bxc6 21.
Rfc1 1/2-1/2

[Event "Int. Championship of Central Serbia - OP"]
[Site "Paracin"]
[Date "2011.07.15"]
[Round "9.17"]
[White "Gajic, Mladen"]
[Black "Milenkovic, Mladen"]
[Result "0-1"]
[WhiteElo "2269"]
[BlackElo "2405"]
[PlyCount "56"]
[EventDate "2011.07.08"]

1. e4 c5 2. c3 b6 3. d4 Bb7 4. Bd3 Nf6 5. Nd2 g6 6. Ne2 d6 7. O-O Bg7 8. d5 O-O
9. Qb3 Na6 10. f4 Nc7 11. c4 e6 12. Nc3 Rb8 13. a4 a6 14. Qc2 exd5 15. cxd5 b5
16. axb5 axb5 17. Nxb5 Nxb5 18. Bxb5 Bxd5 19. Bd3 Ba8 20. Kh1 Re8 21. Ra7 Rb4
22. e5 Ng4 23. Ne4 dxe5 24. Bc4 Bd5 25. Bd3 Bxe4 26. Bxe4 Rxe4 27. h3 Nf6 28.
Qxc5 Nh5 0-1

[Event "Int. Championship of Central Serbia - OP"]
[Site "Paracin"]
[Date "2011.07.15"]
[Round "9.20"]
[White "Indjic, Aleksandar"]
[Black "Radusinovic, Lazar"]
[Result "1/2-1/2"]
[WhiteElo "2373"]
[BlackElo "2283"]
[PlyCount "114"]
[EventDate "2011.07.08"]

1. d4 Nf6 2. c4 e6 3. Nf3 b6 4. g3 Bb7 5. Bg2 Be7 6. O-O O-O 7. b3 Qc8 8. Bg5
h6 9. Bxf6 Bxf6 10. Nc3 Be7 11. Qd3 d6 12. e4 Nd7 13. Nd2 e5 14. d5 a5 15. Rac1
Nc5 16. Qe2 Bf6 17. Nd1 Qd8 18. Ne3 Bc8 19. h4 Bd7 20. Kh2 Rb8 21. Bh3 Bxh3 22.
Kxh3 g6 23. h5 Bg7 24. Kg2 Qd7 25. Rh1 b5 26. cxb5 Qxb5 27. Nec4 a4 28. Rb1
axb3 29. Nxb3 Na4 30. Nba5 Qd7 31. Rxb8 Rxb8 32. Nc6 Ra8 33. Qc2 Nc5 34. N6xe5
Bxe5 35. Nxe5 Qa4 36. Qxa4 Rxa4 37. Ng4 Kg7 38. hxg6 fxg6 39. Ra1 Nxe4 40. Ne3
Kf6 41. Kf3 Nd2+ 42. Kg2 Ne4 43. a3 h5 44. Nd1 Ke5 45. Nb2 Ra8 46. Rd1 g5 47.
Nc4+ Kf6 48. Rd4 Nc5 49. f4 g4 50. Kf2 Nb3 51. Re4 Nc5 52. Rd4 Nb3 53. Re4 Nc5
54. Re2 Ra4 55. Rc2 Ne4+ 56. Kg2 Nc5 57. Kf2 Ne4+ 1/2-1/2

[Event "Int. Championship of Central Serbia - OP"]
[Site "Paracin"]
[Date "2011.07.15"]
[Round "9.21"]
[White "Antic, Dragan"]
[Black "Martic, Ivan"]
[Result "0-1"]
[WhiteElo "2144"]
[BlackElo "2347"]
[PlyCount "74"]
[EventDate "2011.07.08"]

1. d4 Nf6 2. c4 g6 3. Nf3 Bg7 4. g3 O-O 5. Bg2 d6 6. O-O Nbd7 7. Nc3 e5 8. b3
Re8 9. e3 c6 10. Bb2 h6 11. dxe5 dxe5 12. Nd2 e4 13. Qc2 Nc5 14. Rab1 Bf5 15.
Ba1 Qe7 16. b4 Nd3 17. c5 a5 18. a3 axb4 19. axb4 Rxa1 20. Rxa1 Nxb4 21. Qb3
Qxc5 22. Rfb1 Nd3 23. Na4 Qa5 24. Nc4 Qd5 25. Nab6 Qe6 26. Ra7 Bh3 27. Na5 Qf5
28. Qa2 Bxg2 29. Kxg2 Qf3+ 30. Kg1 Ng4 31. Rf1 Nxh2 32. Ra8 Rxa8 33. Nxa8 Nxf1
34. Nxb7 Qd1 35. Nd6 Nxg3+ 36. Kg2 Qh1+ 37. Kxg3 Be5+ 0-1

[Event "Int. Championship of Central Serbia - OP"]
[Site "Paracin"]
[Date "2011.07.15"]
[Round "9.22"]
[White "Stefanovic, Vladimir"]
[Black "Brankovic, Dejan"]
[Result "0-1"]
[WhiteElo "2176"]
[BlackElo "2338"]
[PlyCount "116"]
[EventDate "2011.07.08"]

1. Nf3 Nf6 2. c4 g6 3. g3 Bg7 4. Bg2 O-O 5. O-O d5 6. d4 dxc4 7. Na3 c3 8. bxc3
c5 9. Nc4 Nc6 10. e3 Be6 11. Qe2 Rc8 12. Nfe5 Nxe5 13. Nxe5 Nd5 14. Qb2 Bxe5
15. dxe5 Qc7 16. e4 Nb6 17. f4 Bc4 18. Rd1 Na4 19. Qc2 b5 20. Be3 Rfd8 21. Bf1
Bxf1 22. Kxf1 Qa5 23. c4 bxc4 24. Rxd8+ Rxd8 25. Qxc4 Nb2 26. Qc2 Qb5+ 27. Qe2
Nd3 28. Rd1 c4 29. Kg2 a6 30. Rd2 Qb1 31. Rd1 Qb5 32. Qc2 e6 33. Kf3 h5 34. h3
Qb4 35. Bd2 Qc5 36. Be3 Qb4 37. Bd2 Qb5 38. Bc3 Qc5 39. Rf1 a5 40. Qe2 Nb4 41.
Rd1 Rd3+ 42. Rxd3 cxd3 43. Qd2 Nxa2 44. Bxa5 Nc1 45. Qc3 Qb5 46. Qxc1 Qxa5 47.
Ke3 Qb6+ 48. Kxd3 Qf2 49. Qe3 Qf1+ 50. Kd2 Qxh3 51. Qf2 Kg7 52. Ke3 h4 53. Kf3
Qh1+ 54. Qg2 Qd1+ 55. Ke3 Qg4 56. Kf2 g5 57. Qf3 Qxf3+ 58. Kxf3 h3 0-1

[Event "Int. Championship of Central Serbia - OP"]
[Site "Paracin"]
[Date "2011.07.15"]
[Round "9.23"]
[White "Weinzettl, Ernst"]
[Black "Cvetanovic, Uros"]
[Result "1/2-1/2"]
[WhiteElo "2335"]
[BlackElo "2232"]
[PlyCount "90"]
[EventDate "2011.07.08"]

1. e4 c5 2. Nf3 e6 3. d4 cxd4 4. Nxd4 a6 5. Nc3 Qc7 6. Qf3 Nc6 7. Nxc6 dxc6 8.
Qg3 Qxg3 9. hxg3 e5 10. Na4 Be6 11. Be3 Nf6 12. f3 Nd7 13. Nb6 Rd8 14. Nxd7
Rxd7 15. g4 Bb4+ 16. c3 Be7 17. g5 O-O 18. Be2 b5 19. a4 Rb7 20. axb5 axb5 21.
Ra6 c5 22. g3 b4 23. c4 b3 24. Kf2 Rd8 25. Rha1 g6 26. Ra7 Rdd7 27. Rxb7 Rxb7
28. Ra5 Kg7 29. f4 Rb4 30. Ra7 Bf8 31. Bd2 Rb6 32. Bc3 Bd6 33. g4 Kf8 34. Ra8+
Ke7 35. f5 Bd7 36. Ba5 Rb8 37. Rxb8 Bxb8 38. Bd1 Ba4 39. Ke3 Kd7 40. Kd3 Bd6
41. Bd2 Kc7 42. Kc3 Bc6 43. Kd3 Ba4 44. Ba5+ Kd7 45. Kc3 Bc6 1/2-1/2

[Event "Int. Championship of Central Serbia - OP"]
[Site "Paracin"]
[Date "2011.07.15"]
[Round "9.24"]
[White "Suc, Timothy"]
[Black "Savicevic, Vlatko"]
[Result "1/2-1/2"]
[WhiteElo "2025"]
[BlackElo "2334"]
[PlyCount "66"]
[EventDate "2011.07.08"]

1. e4 d6 2. d4 Nf6 3. Nc3 g6 4. Bg5 Bg7 5. e5 dxe5 6. dxe5 Ng4 7. Qxd8+ Kxd8 8.
Rd1+ Bd7 9. e6 fxe6 10. Bc4 Ke8 11. Nf3 Nc6 12. O-O Nce5 13. Nxe5 Nxe5 14. Bb3
Rf8 15. Rfe1 c5 16. f4 c4 17. Ba4 Bxa4 18. Nxa4 Rf5 19. Nc5 Nf3+ 20. gxf3 Rxc5
21. Rxe6 Rc7 22. Rde1 Bf8 23. Bf6 Kf7 24. Bc3 Rd8 25. Bb4 Rdd7 26. Ba5 Rc5 27.
Bc3 Rcd5 28. R6e4 Rc7 29. Kf2 Rc6 30. Bb4 Rd7 31. Bc3 e6 32. Be5 Bb4 33. c3
Bc5+ 1/2-1/2

[Event "Int. Championship of Central Serbia - OP"]
[Site "Paracin"]
[Date "2011.07.15"]
[Round "9.25"]
[White "Dinic, Dragan"]
[Black "Andrijevic, Milan"]
[Result "1/2-1/2"]
[WhiteElo "2297"]
[BlackElo "2365"]
[PlyCount "80"]
[EventDate "2011.07.08"]

1. e4 c5 2. Nf3 e6 3. c3 d5 4. exd5 Qxd5 5. d4 Nc6 6. Be2 cxd4 7. cxd4 Nf6 8.
Nc3 Qd8 9. O-O Be7 10. Be3 O-O 11. Ne5 Bd7 12. Bf3 Rc8 13. Nxd7 Qxd7 14. d5
exd5 15. Nxd5 Nxd5 16. Qxd5 Qxd5 17. Bxd5 b6 18. Bxc6 Rxc6 19. Rac1 Rfc8 20.
Rxc6 Rxc6 21. Rc1 Rxc1+ 22. Bxc1 f5 23. Kf1 Kf7 24. Ke2 Ke6 25. Kd3 Kd5 26. b3
g5 27. f3 h5 28. h3 g4 29. fxg4 fxg4 30. hxg4 hxg4 31. a4 a6 32. Be3 b5 33.
axb5 axb5 34. Bd2 Bc5 35. Bf4 Bd4 36. Bh6 Bc5 37. Bf4 Bd4 38. Bh6 Bc5 39. Bf4
Bd4 40. Bh6 Bc5 1/2-1/2

[Event "Int. Championship of Central Serbia - OP"]
[Site "Paracin"]
[Date "2011.07.15"]
[Round "9.26"]
[White "Pantelic, Sasa"]
[Black "Popovic, Djordje D"]
[Result "1/2-1/2"]
[WhiteElo "2364"]
[BlackElo "2259"]
[PlyCount "53"]
[EventDate "2011.07.08"]

1. d4 Nf6 2. c4 e6 3. Nc3 Bb4 4. Bg5 h6 5. Bh4 c5 6. d5 d6 7. e3 Bxc3+ 8. bxc3
e5 9. Nf3 Nbd7 10. Nd2 Nf8 11. Bd3 Ng6 12. Bg3 O-O 13. O-O Ne8 14. Qh5 Nf6 15.
Qd1 Ne8 16. Bxg6 fxg6 17. f4 exf4 18. Bxf4 Qe7 19. e4 Nf6 20. Qe2 g5 21. Bg3
Bg4 22. Qe3 Nd7 23. h3 Bh5 24. Rxf8+ Rxf8 25. Rf1 Re8 26. Kh2 b6 27. a3 1/2-1/2

[Event "Int. Championship of Central Serbia - OP"]
[Site "Paracin"]
[Date "2011.07.15"]
[Round "9.27"]
[White "Ganaus, Hannes"]
[Black "Tosic, Srecko"]
[Result "1/2-1/2"]
[WhiteElo "2287"]
[BlackElo "2342"]
[PlyCount "80"]
[EventDate "2011.07.08"]

1. d4 d5 2. c4 c6 3. Nf3 Nf6 4. Nc3 g6 5. Bf4 Bg7 6. e3 O-O 7. h3 a6 8. Be2
Nbd7 9. O-O e6 10. Bd6 Re8 11. c5 Nf8 12. b4 N6d7 13. e4 dxe4 14. Nxe4 Nf6 15.
Nxf6+ Bxf6 16. Bc4 Be7 17. Bxe7 Rxe7 18. Re1 Bd7 19. Qd2 Kg7 20. h4 h5 21. Qf4
Be8 22. Re4 Qb8 23. Qxb8 Rxb8 24. Rae1 Rd8 25. R4e3 Nd7 26. a4 Nf6 27. Rb3 Red7
28. Rd3 Re7 29. g3 Ng4 30. Red1 Nh6 31. Ng5 Nf5 32. f4 Kf6 33. Kf2 Red7 34. Nf3
Rc7 35. Bb3 Rcd7 36. R3d2 Kg7 37. Ba2 Kf8 38. Bc4 Rc7 39. a5 Rcd7 40. Bb3 Kg7
1/2-1/2

[Event "Int. Championship of Central Serbia - OP"]
[Site "Paracin"]
[Date "2011.07.15"]
[Round "9.28"]
[White "Milosevic, Rade"]
[Black "Kislik, Erik Andrew"]
[Result "0-1"]
[WhiteElo "2105"]
[BlackElo "2328"]
[PlyCount "80"]
[EventDate "2011.07.08"]

1. Nf3 Nf6 2. c4 e6 3. Nc3 Bb4 4. Qc2 c5 5. d4 cxd4 6. Nxd4 Nc6 7. Nxc6 bxc6 8.
Bd2 O-O 9. a3 Be7 10. e3 d5 11. Bd3 Ba6 12. cxd5 Bxd3 13. Qxd3 cxd5 14. O-O Nd7
15. b3 f5 16. Ra2 Bd6 17. f4 Nc5 18. Qc2 Rc8 19. b4 Ne4 20. Qd3 Bc7 21. Nxe4
fxe4 22. Qe2 Bb6 23. g3 d4 24. exd4 Qxd4+ 25. Kg2 e3 26. Be1 Rc1 27. h4 Rfc8
28. Kh3 Qe4 29. Qb5 Qd5 30. Qe2 h5 31. g4 hxg4+ 32. Kxg4 Qf5+ 33. Kg3 e5 34.
fxe5 Qxe5+ 35. Kg2 Qd5+ 36. Kh3 Qe6+ 37. Kg2 R8c6 38. b5 Qd5+ 39. Kh3 Rg6 40.
Rc2 Qd7+ 0-1

[Event "Int. Championship of Central Serbia - OP"]
[Site "Paracin"]
[Date "2011.07.15"]
[Round "9.29"]
[White "Majeric, Zoran"]
[Black "Popovic, Aleksandar M"]
[Result "1/2-1/2"]
[WhiteElo "2278"]
[BlackElo "2321"]
[PlyCount "40"]
[EventDate "2011.07.08"]

1. e4 e5 2. Nf3 Nc6 3. Bb5 a6 4. Ba4 Nf6 5. O-O Be7 6. Re1 b5 7. Bb3 d6 8. c3
O-O 9. h3 Na5 10. Bc2 c5 11. d3 Nc6 12. Nbd2 Re8 13. Nf1 Bf8 14. Ng3 g6 15. a4
Rb8 16. Bg5 h6 17. Bd2 Kg7 18. Qc1 Kh7 19. axb5 axb5 20. Be3 b4 1/2-1/2

[Event "Int. Championship of Central Serbia - OP"]
[Site "Paracin"]
[Date "2011.07.15"]
[Round "9.31"]
[White "Bojovic, Dusan"]
[Black "Savic, Dragan"]
[Result "1-0"]
[WhiteElo "2320"]
[BlackElo "2160"]
[PlyCount "43"]
[EventDate "2011.07.08"]

1. e4 e6 2. d4 d5 3. Nc3 Bb4 4. e5 c5 5. a3 Bxc3+ 6. bxc3 Ne7 7. Qg4 Qc7 8.
Qxg7 Rg8 9. Qxh7 cxd4 10. Ne2 Nbc6 11. f4 Bd7 12. Qd3 dxc3 13. Qxc3 Nf5 14. Rg1
Rc8 15. Qd3 Qb6 16. c3 Na5 17. g4 Bb5 18. Qb1 Nh4 19. Rg3 Rxg4 20. Nd4 Rxg3 21.
Qxb5+ Nc6 22. hxg3 1-0

[Event "Int. Championship of Central Serbia - OP"]
[Site "Paracin"]
[Date "2011.07.15"]
[Round "9.32"]
[White "Radovanovic, Nikola"]
[Black "Sarenac, David"]
[Result "0-1"]
[WhiteElo "2096"]
[BlackElo "2315"]
[PlyCount "76"]
[EventDate "2011.07.08"]

1. d4 Nf6 2. c4 g6 3. Nc3 d5 4. cxd5 Nxd5 5. Bd2 Bg7 6. e4 Nb6 7. Be3 O-O 8. h3
f5 9. exf5 Bxf5 10. Nf3 Nc6 11. Be2 Kh8 12. O-O Qd6 13. Qd2 Rad8 14. Rfd1 Qf6
15. Bh6 Nb4 16. Bxg7+ Qxg7 17. Qg5 c6 18. a3 N4d5 19. Ne5 c5 20. Qg3 cxd4 21.
Rxd4 Nxc3 22. bxc3 Rc8 23. a4 Rc5 24. f4 Nd5 25. Nc4 h6 26. Rad1 e6 27. R1d2
Kh7 28. Qf2 g5 29. fxg5 hxg5 30. Qg3 Nf4 31. Bg4 e5 32. Bxf5+ Rxf5 33. Re4 Qc7
34. Nd6 Rxc3 35. Qg4 Rf6 36. Ne8 Qc5+ 37. Kh2 Rg6 38. Qh5+ Nxh5 0-1